Statistiche per I Canti di Giacomo Leopardi

Clicka qui per fare il quiz!

Statistiche generali

  • Questo quiz è stato fatto 246 volte
  • Il punteggio medio è 10 su 36

Statistiche sulle risposte

Risposta% Corretto
XXI.A SilviaSilvia, rimembri ancora
96%
XII.L'infinitoSempre caro mi fu quest’ermo colle
87%
XXV.Il sabato del villaggioLa donzelletta vien dalla campagna
77%
XI.Il passero solitarioD’in su la vetta della torre antica
71%
XIV.Alla lunaO graziosa Luna, io mi rammento
66%
XXXIV.La ginestra o Il fiore del desertoQui su l’arida schiena
63%
XXIV.La quiete dopo la tempestaPassata è la tempesta
56%
I.All'ItaliaO patria mia, vedo le mura e gli archi
54%
XIII.La sera del dì di festaDolce e chiara è la notte e senza vento
49%
XXIII.Canto notturno di un pastore errante dell'AsiaChe fai tu, luna, in ciel? dimmi, che fai
35%
XXVII.Amore e morteFratelli, a un tempo stesso, Amore e Morte
30%
III.Ad Angelo MaiItalo ardito, a che giammai non posi
26%
XXVIII.A se stessoOr poserai per sempre
26%
XXXII.Palinodia al marchese Gino CapponiErrai, candido Gino; assai gran tempo
20%
XVIII.Alla sua donnaCara beltá, che amore
18%
XVII.ConsalvoPresso alla fin di sua dimora in terra
18%
XXXV.Imitazione— Lungi dal proprio ramo
18%
XXXVI.ScherzoQuando fanciullo io venni
18%
XXIX.AspasiaTorna dinanzi al mio pensier talora
17%
XXII.Le ricordanzeVaghe stelle dell’Orsa, io non credea
15%
XXXIII.Il tramonto della lunaQuale in notte solinga
14%
IV.Nelle nozze della sorella PaolinaPoi che, del patrio nido
14%
IX.Ultimo canto di SaffoPlacida notte, e verecondo raggio
14%
VI.Bruto minorePoi che divelta, nella tracia polve
12%
VIII.Inno ai patriarchiE voi de’ figli dolorosi il canto
11%
II.Sopra il monumento di DantePerché le nostre genti
11%
VII.Alla primaveraPerché i celesti danni
10%
V.A un vincitore nel palloneDi gloria il viso e la gioconda voce
10%
XXVI.Il pensiero dominanteDolcissimo, possente
10%
XV.Il sognoEra il mattino, e tra le chiuse imposte
9%
X.Il primo amoreTornami a mente il dí che la battaglia
7%
XVI.La vita solitariaLa mattutina pioggia, allor che, l’ale
7%
XIX.Al conte Carlo PepoliQuesto affannoso e travagliato sonno
6%
XX.Il RisorgimentoCredei ch’al tutto fossero
6%
XXX.Sopra un basso rilievo antico sepolcraleDove vai? chi ti chiama
4%
XXXI.Sopra il ritratto di una bella donnaTal fosti: or qui sotterra
3%

Distribuzione punteggi

Percentile per numero di risposta

Percentuale di utenti per punteggio

I tuoi punteggi nel tempo

Non hai fatto questo quiz